| 000 | 00642nam a22001697a 4500 | ||
|---|---|---|---|
| 005 | 20251108164255.0 | ||
| 008 | 250721s1991 xx 000 0 ara d | ||
| 082 | 1 | 4 | _a351.14/انو |
| 100 | 1 | _aرسلان، أنور أحمد | |
| 245 | 1 | 0 |
_aتقويم الأداء الوظيفي بدول مجلس التعاون الخليجي : _bدراسة تحليلية مقارنة لنظم ... / |
| 264 | 1 |
_aالقاهرة : _bدار النهضة العربية، _c1991. |
|
| 300 | _a342ص | ||
| 650 | 1 | 7 | _aالموظفون |
| 650 | 1 | 7 | _aبلدان مجلس التعاون لدول الخليج العربية |
| 942 |
_2ddc _cBK |
||
| 999 |
_c8062 _d8062 |
||